| 000 | 01387nam a22003617a 4500 | ||
|---|---|---|---|
| 003 | CHAP | ||
| 005 | 20220329143442.0 | ||
| 008 | 091013s2009 mx r 00010 spa d | ||
| 010 | _a96861 | ||
| 011 | _a97833 | ||
| 035 | _a108504 | ||
| 040 | _cCHAP | ||
| 090 | _aTesis | ||
| 100 | 1 |
_aCárcamo Rico, Brenda. _924033 |
|
| 245 | 1 | 0 |
_aEvaluación técnica y financiera del compostaje de residuos de manejo especial: _bun enfoque bioeconómico _c/por Brenda Cárcamo Rico |
| 260 |
_aChapingo, Méx. : _bEl autor, _c2009 |
||
| 300 |
_axiv, 143 h. : _bcuadros, gráfs. , ilus. , mapas |
||
| 502 | _aTesis (M.C. en Economía Agrícola y de los Recursos Naturales) -- UACH. División de Ciencias Económico- Administrativas | ||
| 590 |
_aALEPH _b10 _c20130110 _lUCH01 _h1530 |
||
| 590 |
_aBATCH-UPD _b10 _c20130110 _lUCH01 _h1442 |
||
| 590 |
_aBATCH-UPD _b10 _c20130410 _lUCH01 _h0913 |
||
| 590 |
_aBATCH-UPD _b10 _c20130913 _lUCH01 _h1836 |
||
| 590 |
_aCONVERSION _b10 _c20130109 _lUCH01 _h1354 |
||
| 650 | 1 | 4 |
_aAbonos orgánicos. _9273 |
| 650 | 1 | 4 |
_aCompost. _926105 |
| 650 | 1 | 4 |
_aEconomía ambiental. _935258 |
| 650 | 1 | 4 |
_aMedio ambiente _xContaminación. _974069 |
| 650 | 1 | 4 |
_aResiduos. _996113 |
| 901 | _aBK | ||
| 942 | _cFOLL | ||
| 949 |
_aTesis _bBC _cTES _d33724002125637 _eTS1 _gDonaciØn _h49593 _i108504 _sb |
||
| 949 |
_aTesis _bBC _cTES _d33724002125678 _eTS2 _fc.2 _gDonaciØn _h49594 _i108504 _si |
||
| 999 |
_c96861 _d96861 |
||